| 000 | 006010000a22001810004500 | ||
|---|---|---|---|
| 003 | MACL | ||
| 005 | 20160225152926.0 | ||
| 008 | 160225b xxu||||| |||| 00| 0 eng d | ||
| 040 |
_aMACL _cMACL |
||
| 041 | _aHindi | ||
| 082 | _a800 | ||
| 100 |
_aतिवारी डॉ. रामखिलावन _940431 |
||
| 245 | _aमाखनलाल चतुर्वेदी व्यक्ति और कात्य | ||
| 260 |
_bअनुसन्धान प्रकाशन _c1966 _aकानपुर |
||
| 350 | _a18 | ||
| 650 |
_aLiterature _940432 |
||
| 942 |
_cHIN _k800 _2ddc |
||
| 999 |
_c25320 _d25320 |
||